000 00881nam a2200217 i 4500
001 79019
003 ES-MaACL
005 20230906173859.0
007 t|
008 041019s1944 sp c |||| | spa d
110 2 _aHemeroteca Municipal de Madrid.
_94560
245 1 0 _aPapeles de los siglos XVII y XVIII ingresados en la Hemeroteca Municipal
_b: (1940-1943) /
_cE.V.H.
260 _aMadrid :
_bSección de Cultura e Información,
_c1944 (
_fArtes Gráf. Municipales)
300 _a28 p. ;
_c24 cm.
595 _aTirada aparte de: Revista de la Biblioteca, Archivo y Museo, año 13, n. 49 (en. 1944)
610 2 4 _aHemeroteca Municipal de Madrid-
_vCatálogos.
_94561
650 4 _aPublicaciones periódicas-
_zHemeroteca Municipal de Madrid-
_vCatálogos.
_9141345
700 1 _aVarela Hervías, Eulogio.
_9113159
852 _aES-MaACL
_j1844-F-14
852 _aES-MaACL
_j1861-F-13
999 _c79019
_d79019